LIBRARY & INFORMATION CENTRE, KCAET, TAVANUR

ONLINE PUBLIC ACCESS CATALOGUE (OPAC)

Normal view MARC view
  • Rangaswamy, R

Entry Personal Name

Number of records used in: 1

001 - CONTROL NUMBER

  • control field: 5431

003 - CONTROL NUMBER IDENTIFIER

  • control field: OSt

005 - DATE AND TIME OF LATEST TRANSACTION

  • control field: 20230506153157.0

008 - FIXED-LENGTH DATA ELEMENTS

  • fixed length control field: 230506|| aca||aabn | a|a d

040 ## - CATALOGING SOURCE

  • Original cataloging agency: OSt
  • Transcribing agency: OSt

100 ## - HEADING--PERSONAL NAME

  • Personal name: Rangaswamy, R

670 ## - SOURCE DATA FOUND

  • Source citation: Work cat.: (OSt)1600: Rangaswamy, R ., Textbook of agricultural statistics / , 1995.
free website counter